LIBRARY ONLINE CATALOGUE

The Syntax of Chichewa (Record no. 20303)

MARC details
000 -LEADER
fixed length control field 00350nam a22001337a 4500
008 - FIXED-LENGTH DATA ELEMENTS--GENERAL INFORMATION
fixed length control field 230919b |||||||| |||| 00| 0 eng d
020 ## - INTERNATIONAL STANDARD BOOK NUMBER
International Standard Book Number 0521573785
050 ## - LIBRARY OF CONGRESS CALL NUMBER
Classification number PL8110
Item number .C51M34 2004
100 ## - MAIN ENTRY--PERSONAL NAME
Personal name Mchombo, Sam
245 ## - TITLE STATEMENT
Title The Syntax of Chichewa
260 ## - PUBLICATION, DISTRIBUTION, ETC. (IMPRINT)
Place of publication, distribution, etc. New York
Name of publisher, distributor, etc. Cambridge University Press
Date of publication, distribution, etc. 2004
300 ## - PHYSICAL DESCRIPTION
Extent xv, 149p.
942 ## - ADDED ENTRY ELEMENTS (KOHA)
Source of classification or shelving scheme Library of Congress Classification
Koha item type General Collection
Holdings
Withdrawn status Lost status Source of classification or shelving scheme Not for loan Home library Current library Date acquired Cost, normal purchase price Total Checkouts Full call number Barcode Date last seen Price effective from Koha item type
    Library of Congress Classification   Kabarak, Main Campus Kabarak, Main Campus 19/09/2023 9280.00   PL8110 .C51M34 2004 c.1 022529 19/09/2023 19/09/2023 General Collection